Kronen in europäischen Flaggen - Statistiken

Allgemein
  • Dieses Quiz wurde 188 mal gespielt
  • Das Durchschnittsergebnis liegt bei 4 aus 6
Antwortstatistiken
Bildquiz Antwort % Korrekt
Liechtenstein
86%
Vatikanstadt
84%
Spanien
70%
Serbien
68%
San Marino
60%
Montenegro
55%
Keine übereinstimmenden Quizze gefunden
Verteilung der Resultate
Anzahl Personen mit jedem Resultat
Perzentil nach korrekt beantworteten Fragen
Ihre Resultats-Entwicklung
Sie haben dieses Quiz noch nicht gespielt